| 000 | 00440nam a2200157Ia 4500 | ||
|---|---|---|---|
| 008 | 160316s1962 xxu||||| |||| 00| 0 eng d | ||
| 082 |
_a320.900000 _bTOC |
||
| 100 | _aToch Henry | ||
| 245 | _aBritish political and social institutions | ||
| 250 | _a | ||
| 260 |
_aLondon _bSir Isaac Pitman & Sons _c1962 |
||
| 300 |
_a149p. _b20 cm _cx |
||
| 365 | _bRs.141.50 | ||
| 650 | _a1.British Government - Public Administration - U K | ||
| 700 |
_a _a |
||
| 999 |
_c4136 _d4136 |
||